00321nam a2200133Ia 4500008004100000020000900041040001500050041001200065082001600077100002200093245003200115260002400147300001600171230917s9999||||xx |||||||||||||| ||und|| cRS80 e3746aMAIN aEnglish a301.56 S64E aSingh, Narendra K 0aEducation and social change aJaipurbRawatc1979 axii, 309 p.